000 00678nam a2200229Ia 4500
001 9624
003 GE_BSU
008 181216s||||||||xx |||||||||||||| ||und||
040 _cGE_BSU
080 _a821.353.1-1
100 _aმეტრეველი,ბორის
245 _aმოგონება
245 _bლექსები
245 _cრედ:შ.ზოიძე;მხატვ:გ.ხოჯაშვილი
260 _aბათუმი.
260 _bსაბჭ.საქართველო
260 _c1974
300 _a45გვ;17სმ.
653 _aლექსები
653 _aმოგონება
942 _cBK
999 _c42908
_d42908